| 000 | 00991nam a22003137a 4500 | ||
|---|---|---|---|
| 001 | BR6700184 | ||
| 003 | BR-BrBNA | ||
| 005 | 20230928083451.0 | ||
| 007 | ta | ||
| 008 | 230509b bl.||||| |||| 00| 0 por d | ||
| 040 |
_aBR-BrBNA _bpor _cBiblioteca Nacional de Agricultura |
||
| 041 | _a(Por) | ||
| 072 |
_aE70; D50; C00 _b0311 _b/G514 |
||
| 090 | _ 0311 BR6700184 | ||
| 110 | 1 | _aDepartamento Nacional de Servicos de Comercializacao, Brasilia, DF (Brasil). Div. de Inspecao, Padronizacao e classificacao | |
| 245 | 1 | _aCurso de classificadores: produtos de origem vegetal. Coco [Controle de qualidade; Cocos nucifera; Brasil] | |
| 260 | 3 |
_aBrasilia, DF (Brasil): _c[nd]. |
|
| 300 | _av. 1-2 | ||
| 500 | _a12 illus.; Published after 1966 | ||
| 650 | _aComercializacao | ||
| 650 | _aLegislacao | ||
| 650 | _aEducacao | ||
| 650 | _aCoco | ||
| 650 | _aLegislacao | ||
| 650 | _aControle de qualidade | ||
| 650 | _aCurso | ||
| 909 |
_a202309 _bLucia _c55 _dLucia Elande |
||
| 942 | _cBK | ||
| 999 |
_c13634 _d13634 |
||